| 000 | 00674nam a2200241Ia 4500 | ||
|---|---|---|---|
| 003 | OSt | ||
| 005 | 20221005120833.0 | ||
| 006 | a|||||r|||| 00| 0 | ||
| 007 | ta | ||
| 008 | 221004b |||||||| |||| 00| 0 eng d | ||
| 024 | _a69089 | ||
| 037 | _cTextual | ||
| 040 |
_aCRL _cCRL _beng |
||
| 041 |
_2eng _aeng |
||
| 082 | _aX6:Z2f:N65, K5 | ||
| 110 |
_aIndia, (Govt. of --). Finance (Ministry of --) _9301997 |
||
| 245 | 0 | _aFinance bill 1965 as introduced in Lok Sabha | |
| 260 | _c1965 | ||
| 650 | _aECONOMICS | ||
| 700 |
_aIndia, (Govt. of --). Finance (Ministry of --) _9301998 |
||
| 942 |
_hX6:Z2f:N65, K5 _cTEXL _2cc |
||
| 999 |
_c1039277 _d1039277 |
||